| 000 | 00766nam a2200253 i 4500 | ||
|---|---|---|---|
| 001 | 92683 | ||
| 003 | ES-MaACL | ||
| 005 | 20250804062602.0 | ||
| 007 | t| | ||
| 008 | 050418s1973 sp ||||1| spa d | ||
| 020 | _a84-206-1477-7 | ||
| 080 | _a930.1 | ||
| 080 | _a141.155 | ||
| 100 | 1 |
_aPopper, Karl Raimund. _993108 |
|
| 245 | 1 | 3 |
_aLa miseria del historicismo / _cKarl R. Popper. |
| 260 |
_aMadrid : _bAlianza Editorial, _c[1973] |
||
| 300 |
_a182 p. ; _c18 cm. |
||
| 490 | 1 |
_aEl libro de bolsillo. Sección humanidades ; _v477 |
|
| 650 | 4 |
_aHistoria- _xFilosofía. _913380 |
|
| 650 | 4 |
_aHistoricismo. _913438 |
|
| 830 | 0 | 3 |
_aEl libro de bolsillo. _pHumanidades _v477 _9178672 |
| 852 |
_aES-MaACL _jE-10993 _bR.134778 |
||
| 999 |
_c92683 _d92683 |
||